Les constitutions de la France / (Record no. 47146)

MARC details
000 -LEADER
campo de control de longitud fija 00464nam a2200157 i 4500
001 - NÚMERO DE CONTROL
campo de control 47146
003 - IDENTIFICADOR DE NÚMERO DE CONTROL
campo de control ES-MaACL
005 - FECHA Y HORA DE LA ÚLTIMA TRANSACCIÓN
campo de control 20230906161518.0
007 - CAMPO FIJO DE DESCRIPCIÓN FÍSICA--INFORMACIÓN GENERAL
campo de control de longitud fija t|
008 - DATOS DE LONGITUD FIJA--INFORMACIÓN GENERAL
campo de control de longitud fija 030404s1875 fr ||||1| fre d
245 04 - MENCIÓN DEL TÍTULO
Título Les constitutions de la France /
Mención de responsabilidad, etc. avec un commentaire par Faustin Adolphe Helie.
260 ## - PUBLICACIÓN, DISTRIBUCIÓN, ETC.
Lugar de publicación, distribución, etc. Paris :
Nombre del editor, distribuidor, etc. [s.n.,
Fecha de publicación, distribución, etc. 1875] (
Fabricante Corbeil Creté)
300 ## - DESCRIPCIÓN FÍSICA
Extensión 4 v. ;
Dimensiones 22 cm.
700 1# - ENTRADA AGREGADA--NOMBRE PERSONAL
Nombre de persona Helie, Faustin Adolphe.
9 (RLIN) 62428
852 ## - LOCALIZACIÓN
Ubicación ES-MaACL
Número de control de estantería B-1009-12
Holdings
Estatus retirado Estado de pérdida Estado de daño No para préstamo Colección Biblioteca de origen Biblioteca actual Ubicación en estantería Fecha de adquisición Fuente de adquisición Total de préstamos Signatura topográfica completa Código de barras Visto por última vez Precio de reemplazo Tipo de ítem Koha
        Libros del s. XIX Biblioteca del Ateneo de Madrid Biblioteca del Ateneo de Madrid Sala Pardo Bazán 17/01/2008     B-1009-12 1049590 23/02/2023 23/02/2023 Libro impreso antiguo